000 01518nam a22002657a 4500
005 20100312095056.0
008 100312t xxu||||| |||| 00| 0 hin d
010 _aHIN-91180-81
020 _c1500.00 (दोनो भागो का)
_a9788190644921
020 _c9788190644938
035 _aHN-63526-27
037 _bDBAD / PUB
040 _aDPL
_bHN
082 _a821
100 _aशर्मा, ललित शंकर
_916590
245 _aपुष्टिवर्द्धनः
_cललित शंकर शर्मा
_bकाव्य-खण्ड एवं चिन्तन खण्ड /
260 _aदिल्ली
_bआर्यावर्त संस्कृति संस्थान
_c2009
270 _aबी-216, चन्दू नगर, करावल नगर रोड
_bदिल्ली
_e110094
300 _a2 भाग (624पृ;400पृ)
_c22सेमी (सजिल्द)
_bरंगीन फोटो
500 _aदो भागों में प्रकाशित
700 _924583
942 _2ddc
_cHN
_mशर्माल
999 _c48972
_d48972